Культурология: учебник

Detaylı Bibliyografya
Yazar: Золкин А. Л. Андрей Львович
Özet:В учебнике представлен обширный, глубокий, интересный и познавательный материал, освещающий все основные темы учебной дисциплины «Культурология». Учебник содержит следующие разделы: «Теоретическая культурология», «Культурно-исторические типы», «История культуры России», «Культурное многообразие современной цивилизации» и «Культурное наследие и современный мир». Для студентов вузов, учащихся лицеев и колледжей, а также для широкого круга читателей.
Dil:Rusça
Baskı/Yayın Bilgisi: Москва, ЮНИТИ, 2009
Edisyon:2-е изд., перераб. и доп.
Seri Bilgileri:Cogito ergo sum
Konular:
Materyal Türü: MixedMaterials Kitap
KOHA link:https://koha.lib.tpu.ru/cgi-bin/koha/opac-detail.pl?biblionumber=149390

MARC

LEADER 00000nam0a2200000 4500
001 149390
005 20231101221423.0
010 |a 9785238014944 
035 |a (RuTPU)RU\TPU\book\161951 
035 |a RU\TPU\book\123204 
090 |a 149390 
100 |a 20070417d2009 m y0rusy50 ca 
101 0 |a rus 
102 |a RU 
105 |a y j 001zy 
200 1 |a Культурология  |e учебник  |f А. Л. Золкин 
205 |a 2-е изд., перераб. и доп. 
210 |a Москва  |c ЮНИТИ  |d 2009 
215 |a 583 с. 
225 1 |a Cogito ergo sum 
320 |a Библиографический список: с. 569-571. 
330 |a В учебнике представлен обширный, глубокий, интересный и познавательный материал, освещающий все основные темы учебной дисциплины «Культурология». Учебник содержит следующие разделы: «Теоретическая культурология», «Культурно-исторические типы», «История культуры России», «Культурное многообразие современной цивилизации» и «Культурное наследие и современный мир». Для студентов вузов, учащихся лицеев и колледжей, а также для широкого круга читателей. 
451 1 |0 (RuTPU)RU\TPU\book\123204  |y 5-238-01008-7  |t Культурология  |o учебник  |f под ред. А. Л. Золкина  |c М.  |n ЮНИТИ  |d 2007  |p 504 с.  |s Cogito ergo sum 
606 1 |a Культурология  |2 stltpush  |3 (RuTPU)RU\TPU\subj\67420  |9 83233 
610 1 |a учебники 
610 1 |a культура 
610 1 |a познание 
610 1 |a культурологические методы 
610 1 |a природа 
610 1 |a цивилизации 
610 1 |a диалог культур 
610 1 |a свобода 
610 1 |a модели 
610 1 |a культурно-исторические типы 
610 1 |a цивилизации 
610 1 |a античность 
610 1 |a римское право 
610 1 |a средневековье 
610 1 |a Возрождение 
610 1 |a Новое время 
610 1 |a Просвещение 
610 1 |a 19 век 
610 1 |a Древняя Русь 
610 1 |a Московская Русь 
610 1 |a 18 век 
610 1 |a Российская империя 
610 1 |a Золотой Век 
610 1 |a Серебряный век 
610 1 |a советская культура 
610 1 |a европейская культура 
610 1 |a эстетические установки 
610 1 |a Ближний Восток 
610 1 |a Дальний Восток 
686 |a Ч111я73  |v LBC/SL-A  |2 rubbk 
700 1 |a Золкин  |b А. Л.  |g Андрей Львович 
801 1 |a RU  |b 63413507  |c 20081216  |g PSBO 
801 2 |a RU  |b 63413507  |c 20211016  |g PSBO 
900 |a Культурология 
942 |c BK 
952 |a 510000  |a 520000  |a 550000 
954 |a 520000 
959 |a 117/20081215  |d 2  |e 0  |f АНЛ:1  |f ЧЗГЛ:1 
959 |a 60/20090526  |d 30  |e 300,00  |f УФ:20  |f Ф_ТПУ_Новокузнецк:10